000 00602nam a22002177a 4500
003 UA-OsUOA
001 38179
007 ta
008 20060428b un ||||| |||| 00| 0 ukr d
100 _aКожан Тетяна
090 _a32
_bК
942 _cSA
040 _aUA-OsUOA
_bukr
_cUA-OsUOA
_dUA-OsUOA
245 _aЕкономічно зміцніє держава - зникне сільське безробіття
300 _a4 с.
955 _a0
041 _aukr
080 _a32
773 0 _w38178
_tВільне слово
_dРівне
_d2006
_g35
650 7 _a32 Політика
_2UDC
999 _c324344
_d324344